• 首页
  • 本馆介绍
  • 公告通知
  • 最新文献
  • 馆藏检索
  • 电子资源
  • 读者导购
  • 参考咨询
  • 我的图书馆
  • 登录
  • 详细信息显示
  • 放入我的书架
  • 预约/预借图书
  • 作者相关作品
  • 分类相关作品
  • 丛书相关作品
  • 出版社相关作品

书目信息

  • 表格格式
  • 工作单格式
  • 卡片格式
题名:
半导体二极管参数与代换手册
    
 
作者: 本书编写组 编写
分册:   特种整流二极管分册
出版信息: 上海   上海交通大学出版社  1999.1
页数: 565页
开本: 16开
丛书名:
单 册:
中图分类: TN31-62
科图分类:
主题词: 半导体二极管
电子资源:
ISBN: 7-313-02105-4
000 00700nam0 2200205 45
001 0011130991
005 20031219104047.3
010    @a7-313-02105-4@dCNY56.00
100    @a20001113d1999 km y0chiy0120 ea
101 0  @achi
105    @a z 000yy
200 1  @a半导体二极管参数与代换手册@i特种整流二极管分册@ABan Dao Ti Er Ji Guan Can Shu Yu Dai Huan Shou Ce@f本书编写组编写@FBen Shu Bian Xie Zu Bian Xie
210    @a上海@c上海交通大学出版社@d1999.1
215    @a565页@d16开
517    @a特种整流二极管分册@ATe Zhong Zheng Liu Er Ji Guan Fen Ce
606 0  @a半导体二极管
690    @aTN31-62@v1
701  0 @a本书编写组@4编写
801    @aCN@bTSTC@c20001113
905    @b292779-780@dTN31-62@e22:1@f2
    
    半导体二极管参数与代换手册.特种整流二极管分册/本书编写组编写.-上海:上海交通大学出版社,1999.1
    565页;16开
    
    
    ISBN 7-313-02105-4:CNY56.00
    
●
相关链接 在E读中查询图书 在五车中查询图书 在当当中查询图书 在豆瓣中查询图书


正题名:半导体二极管参数与代换手册     索取号:TN31-62/22:1         预约/预借

序号 登录号 条形码 馆藏地/架位号 状态 备注
1 0292779   002927792   第三借阅区/ [索取号:TN31-62/22:1] 在馆    
2 0292780   002927809   第三借阅区/ [索取号:TN31-62/22:1] 在馆    
唐山师范学院图书馆 欢迎您!
大连网信软件有限公司© 版权所有